01718nam a22003617a 4500001000400000003001000004005001700014008004100031020001800072040002500090080002500115090002500140245014200165250001100307260003900318300002700357504002500384590004300409650003200452650002800484650003000512650002400542650002700566700003700593700003900630942001200669952014600681952012900827952012900956952012901085952012901214999001301343100BR-CuiBMT20230929124322.0230811b2021 mgbaaaa 000 0 por d a9786555180442 aBR-CuiBMTcBR-CuiBMT 22007a347.72.028:351 a347.72.028:351bA83800aAspectos controvetidos do compliance na administração pública /cAugusto Neves Dal Pozzo, Ricardo Marcondes Martins, coordenadores. a1. ed. aBelo Horizonte :bFórum,cc2020. a553 p. :bil. ;c22 cm aInclui bibliografia. aA biblioteca possui a 1. reimpr. 2021. aAdministração pública aProgramas de compliance aGovernança coorporativa aDireito empresarial aDireito administrativo1 4coord.aDal Pozzo, Augusto Neves1 4coord.aMartins, Ricardo Marcondes 2udccLV 00102udc4070aBIBTCEMTbBIBTCEMTd2023-06-28l0o347.72.028:351 A838pBIBTCEMT23080076r2023-08-11tEx. 1w2023-08-11yLVz1. reimpr. 2021 00102udc4070aBIBTCEMTbBIBTCEMTd2023-07-28l0o347.72.028:351 A838pBIBTCEMT23090100r2023-09-29tEx. 2w2023-09-29yLV 00102udc4070aBIBTCEMTbBIBTCEMTd2023-07-28l0o347.72.028:351 A838pBIBTCEMT23090101r2023-09-29tEx. 3w2023-09-29yLV 00102udc4070aBIBTCEMTbBIBTCEMTd2023-07-28l0o347.72.028:351 A838pBIBTCEMT23090102r2023-09-29tEx. 4w2023-09-29yLV 00102udc4070aBIBTCEMTbBIBTCEMTd2023-07-28l0o347.72.028:351 A838pBIBTCEMT23090103r2023-09-29tEx. 5w2023-09-29yLV c100d100